000 004770000a22001930004500
001 000103
003 MACL
005 20231207155854.0
008 151017b xxu||||| |||| 00| 0 eng d
040 _aMACL
_cMACL
041 _aEnglish
082 _a920/RAM
100 _aRam, Malik
_912348
245 _aHali
_bMakers of indian literature
_cMalik Ram
260 _aNew Delhi
_c1997
_bSahitya Akademi,
350 _a25
650 _aBiography
_915608
942 _k920/RAM
_cBK
_2ddc
_s1
999 _c105
_d105